| 000 | 00783nam a2200229 a 4500 | ||
|---|---|---|---|
| 001 | 000023947 | ||
| 005 | 20200930022607.0 | ||
| 008 | 110117s1976 sp ac 000 0 spa d | ||
| 020 | _a8423953211 | ||
| 040 |
_aDO-SdBNP _bspa _cBNPHU |
||
| 082 |
_a927.8 _bB415G, 1976 |
||
| 100 | 1 |
_aGauthier, André, _d1918-2003. _949265 |
|
| 245 | 1 | 0 |
_aBeethoven / _cAndré Gauthier ; traducción del francés por Felipe Ximénez de Sandoval. |
| 250 | _a2a ed. | ||
| 260 |
_aMadrid, (España) : _bEspasa-Calpe, _c1976. |
||
| 300 |
_a128 p. : _bil., retrs. ; _c18 cm. |
||
| 490 | 1 | _aClásicos de la música | |
| 600 | 1 | 4 |
_aBEETHOVEN, LUDWIG _d1770-1827 _949266 |
| 650 | 4 |
_aMúsicos alemanes _949267 |
|
| 700 | 1 |
_aXiménez de Sandoval, Felipe, _etr. _919335 |
|
| 830 | 0 |
_aClásicos de la música _933880 |
|
| 999 |
_c23443 _d23443 |
||